Statistiques concernant Culture Générale - Série 2009

Cliquez ici pour prendre le quiz!

Statistiques générales

  • Ce quiz a été pris 64 fois
  • Le résultat moyen est 4 sur 10

Statistiques - réponses

QuestionRéponse% Correct
Selon le dicton, que ne faut-il pas mélanger avec les torchons ?serviettes
95%
Quel verbe désuet signifie "tuer" - 6 lettres commençant par " o " ?occire
69%
Chez l'oiseau, qu'appelle-t-on "tectrice" ?plume
42%
Le liard est une ancienne monnaie française sous l'Ancien Régime, qui était faite en ....cuivre
42%
Quel mot familier signifie "volée de coups" - 6 lettres commençant par " r " ?rouste
26%
Dans quel sport parle-t-on de "christiania" (technique) ?ski
23%
Qu'est-ce qu'une galéasse ou galéace ?navire
19%
Quel est le nom donné au thon blanc ?germon
18%
Alberto « Beto » Perez, est un danseur et chorégraphe colombien. Il est le fondateur du programme d'entraînement physique appelé ...zumba
11%
Elément structural vertical en pierre de taille, bois ou fer qui divise la baie d'une fenêtre ou d'une porte. voir photomeneau
5%

Distribution des résultats

Percentile par nombre de réponses

% des personnes avec chaque résultat

Votre développement - résultats

Vous n’avez pas pris ce quiz